Statistics for Flags of Countries of the World in 1800

Click here to take the quiz!

General Stats

  • This quiz has been taken 647 times
    (625 since last reset)
  • The average score is 17 of 73

Answer Stats

Answer% Correct
Russia
83%
United States
80%
Nepal
79%
France
78%
Portugal
78%
Spain
78%
Great Britain
77%
Sweden
77%
Denmark-Norway
74%
Prussia
74%
Ottoman Empire
72%
Habsburg Empire
67%
Holy Roman Empire
60%
Persia
58%
Joseon
40%
Burma
32%
Papal States
30%
Benin
27%
Naples
25%
Mughal Empire
20%
Sardinia
20%
Siam
20%
Kazakh Khanate
19%
Aro
18%
Ryukyu
18%
Aceh
17%
Đại Việt
17%
Maratha Empire
17%
Diriyah
16%
Muscat and Oman
16%
Imerina
14%
Morocco
14%
Sicily
14%
Afghanistan
13%
Kandy
13%
Ragusa
13%
Brunei
12%
Montenegro
12%
Bukhara
10%
Klungkung
10%
Hawaii
8%
Khiva
8%
Sulu
8%
Jambi / Johor / Kelantan / Perak
7%
Andorra
6%
Cospaia
6%
Lanfang
6%
Loango
6%
Manipur
6%
Avar
5%
Bahrain
5%
Sikh Empire
5%
Abu Arish / Aussa / Majeerteen / Tadjoura
4%
Iboina
4%
Maguindanao
4%
Pagaruyung
4%
Tamatave
4%
Touggourt
4%
Antankarana
3%
Asahan
3%
Bulungan
3%
Karangasem
3%
Kokand
3%
Mahra
3%
Menabe
3%
Ndzuwani
3%
Pontianak
3%
Sambas
3%
Selangor
3%
Shilluk
3%
Siak
3%
Solo
3%
Dutse
2%

Score Distribution

Percentile by Number Answered

Percent of People with Each Score

Your Score History

You have not taken this quiz since the last reset